| 000 | 00000nam##2200000za#4500 |
| 001 | 9.581392 |
| 003 | CaOODSP |
| 005 | 20210624191507 |
| 007 | cr ||||||||||| |
| 008 | 150406|2014||||xxc|||||o f|0| 0 eng|d |
| 040 | |aCaOODSP|beng |
| 043 | |an-cn--- |
| 086 | 1 |aRv55-5/10-14-49-2014E-PDF |
| 110 | 2 |aCanada Border Services Agency. |
| 245 | 10|aTariff classification of racing shells under tariff Item 8903.99.10 |h[electronic resource] |
| 260 | |aOttawa - Ontario : |bCanada Border Services Agency |
| 300 | |a3p. |
| 490 | 1 |aCustoms D memoranda. D10, Tariff classification/commodities |vD10-14-49, December 8, 2014 |
| 500 | |aSuperseded Memorandum D : D10-14-49 dated August 17, 2009 |
| 590 | |a15-03|b2015-01-16 |
| 775 | 08|tClassement des périssoires de course sous le numéro tarifaire 8903.99.10 |w(CaOODSP)9.608222 |
| 830 | #0|aCustoms D memoranda. D10, Tariff classification/commodities ;|vD10-14-49, December 8, 2014|w(CaOODSP)9.816825 |
| 856 | 40|ahttp://publications.gc.ca|qPDF|s52 KB|uhttps://publications.gc.ca/collections/collection_2015/asfc-cbsa/Rv55-5-10-14-49-2014-eng.pdf|yD10-14-49, December 8, 2014 |